[Event "Team Championship (men blitz)"]
[Site "Sochi"]
[Date "2017.10.05"]
[Round "5.7"]
[White "Timofeev, Artyom"]
[Black "Moiseenko, Vadim"]
[Result "1/2-1/2"]
[LiveChessVersion "1.4.8"]
[BlackElo "2497"]
[WhiteElo "2619"]

1. e4 {[%clk 0:03:03]} c5 {[%clk 0:03:04]} 2. Nf3 {[%clk 0:03:03]} d6
{[%clk 0:03:05]} 3. Bc4 {[%clk 0:03:04]} e6 {[%clk 0:03:01]} 4. O-O
{[%clk 0:03:04]} Be7 {[%clk 0:03:02]} 5. c3 {[%clk 0:03:03]} Nf6 {[%clk 0:03:02]}
6. Re1 {[%clk 0:03:03]} O-O {[%clk 0:02:59]} 7. Bb3 {[%clk 0:03:03]} Nc6
{[%clk 0:02:51]} 8. d4 {[%clk 0:03:03]} cxd4 {[%clk 0:02:50]} 9. cxd4
{[%clk 0:03:05]} e5 {[%clk 0:02:45]} 10. h3 {[%clk 0:03:00]} Na5 {[%clk 0:02:26]}
11. Bc2 {[%clk 0:02:57]} Be6 {[%clk 0:02:20]} 12. Nc3 {[%clk 0:02:48]} Rc8
{[%clk 0:02:14]} 13. dxe5 {[%clk 0:02:15]} dxe5 {[%clk 0:02:15]} 14. Nxe5
{[%clk 0:02:15]} b5 {[%clk 0:02:08]} 15. Nf3 {[%clk 0:01:35]} b4 {[%clk 0:02:04]}
16. Nd5 {[%clk 0:01:36]} Nxd5 {[%clk 0:01:56]} 17. exd5 {[%clk 0:01:37]} Bxd5
{[%clk 0:01:55]} 18. Rxe7 {[%clk 0:01:22]} Bxf3 {[%clk 0:01:52]} 19. Qxd8
{[%clk 0:01:21]} Rfxd8 {[%clk 0:01:53]} 20. Bf5 {[%clk 0:01:18]} Rc5
{[%clk 0:01:44]} 21. gxf3 {[%clk 0:00:59]} Rxf5 {[%clk 0:01:35]} 22. Be3
{[%clk 0:01:00]} Nc4 {[%clk 0:01:16]} 23. Bxa7 {[%clk 0:01:01]} Nxb2
{[%clk 0:01:10]} 24. Kg2 {[%clk 0:01:01]} Nd3 {[%clk 0:01:07]} 25. Be3
{[%clk 0:00:59]} Nf4+ {[%clk 0:01:06]} 26. Bxf4 Rxf4 27. a3 {[%clk 0:00:37]} bxa3
{[%clk 0:01:03]} 28. Rxa3 {[%clk 0:00:38]} g6 {[%clk 0:01:03]} 29. Rae3
{[%clk 0:00:35]} Rd5 {[%clk 0:01:02]} 30. R7e5 {[%clk 0:00:35]} Rd6
{[%clk 0:01:03]} 31. R5e4 {[%clk 0:00:36]} Rff6 {[%clk 0:01:04]} 32. f4
{[%clk 0:00:36]} Kg7 {[%clk 0:01:05]} 33. Kg3 {[%clk 0:00:37]} Rd1
{[%clk 0:01:06]} 34. Kg2 {[%clk 0:00:38]} Rf5 {[%clk 0:01:03]} 35. Rc4
{[%clk 0:00:37]} Rd2 {[%clk 0:01:02]} 36. Kg3 {[%clk 0:00:38]} h6
{[%clk 0:01:01]} 37. Rec3 {[%clk 0:00:36]} Rd1 {[%clk 0:00:56]} 38. Kg2
{[%clk 0:00:35]} Rb1 {[%clk 0:00:46]} 39. Re3 {[%clk 0:00:35]} Rb2
{[%clk 0:00:43]} 40. Rce4 {[%clk 0:00:35]} g5 {[%clk 0:00:39]} 41. Rf3
{[%clk 0:00:35]} Rbb5 {[%clk 0:00:28]} 42. fxg5 {[%clk 0:00:33]} Rxg5+
{[%clk 0:00:30]} 43. Rg3 {[%clk 0:00:34]} Rbf5 {[%clk 0:00:29]} 44. Rxg5+
{[%clk 0:00:34]} Rxg5+ {[%clk 0:00:30]} 1/2-1/2

[Event "Team Championship (men blitz)"]
[Site "Sochi"]
[Date "2017.10.05"]
[Round "5.8"]
[White "Gogolev, Artem"]
[Black "Hasangatin, Ramil"]
[Result "1/2-1/2"]
[LiveChessVersion "1.4.8"]
[BlackElo "2560"]
[WhiteElo "2330"]

1. Nf3 {[%clk 0:03:03]} d6 {[%clk 0:03:03]} 2. d4 {[%clk 0:03:03]} Bg4
{[%clk 0:03:04]} 3. g3 {[%clk 0:03:04]} Bxf3 {[%clk 0:03:05]} 4. exf3
{[%clk 0:03:05]} g6 {[%clk 0:03:05]} 5. c4 {[%clk 0:03:04]} c6 {[%clk 0:03:07]}
6. Nc3 Bg7 7. d5 {[%clk 0:02:55]} Nf6 {[%clk 0:03:08]} 8. Bd3 {[%clk 0:02:49]}
O-O {[%clk 0:03:08]} 9. O-O {[%clk 0:02:49]} Nbd7 {[%clk 0:03:09]} 10. f4
{[%clk 0:02:48]} Qa5 {[%clk 0:03:06]} 11. Bd2 {[%clk 0:02:34]} cxd5
{[%clk 0:03:07]} 12. Nxd5 {[%clk 0:02:34]} Qd8 {[%clk 0:03:08]} 13. Nxf6+
{[%clk 0:02:19]} Bxf6 {[%clk 0:03:05]} 14. Rb1 {[%clk 0:02:20]} Nc5
{[%clk 0:02:56]} 15. Bc2 {[%clk 0:02:20]} e6 {[%clk 0:02:39]} 16. h4
{[%clk 0:02:19]} a5 {[%clk 0:02:36]} 17. h5 {[%clk 0:02:14]} Qe7 {[%clk 0:02:36]}
18. Qf3 {[%clk 0:01:53]} Rfc8 {[%clk 0:02:31]} 19. Rfe1 {[%clk 0:01:48]} Qf8
{[%clk 0:02:18]} 20. b3 {[%clk 0:01:46]} Qg7 {[%clk 0:02:18]} 21. hxg6
{[%clk 0:01:45]} hxg6 {[%clk 0:02:19]} 22. Kg2 {[%clk 0:01:40]} b6
{[%clk 0:02:19]} 23. Be3 {[%clk 0:01:32]} Bd4 {[%clk 0:02:07]} 24. Bxd4 Qxd4
{[%clk 0:02:08]} 25. Red1 {[%clk 0:01:25]} Qf6 {[%clk 0:02:07]} 26. Rxd6
{[%clk 0:01:24]} Rab8 {[%clk 0:02:08]} 27. a3 {[%clk 0:01:18]} Rd8
{[%clk 0:02:05]} 28. Rxd8+ {[%clk 0:01:18]} Rxd8 {[%clk 0:02:06]} 29. b4
{[%clk 0:01:18]} axb4 {[%clk 0:02:01]} 30. axb4 {[%clk 0:01:19]} Nd7
{[%clk 0:02:01]} 31. Rd1 {[%clk 0:01:16]} Nf8 {[%clk 0:01:55]} 32. Rxd8
{[%clk 0:01:14]} Qxd8 {[%clk 0:01:56]} 33. c5 {[%clk 0:01:11]} bxc5
{[%clk 0:01:52]} 34. bxc5 {[%clk 0:01:13]} Nd7 {[%clk 0:01:37]} 35. c6
{[%clk 0:01:03]} Nb6 {[%clk 0:01:38]} 36. Be4 {[%clk 0:01:00]} Qd4
{[%clk 0:01:16]} 37. Qe3 {[%clk 0:00:54]} Qxe3 {[%clk 0:01:11]} 38. fxe3
{[%clk 0:00:55]} Na8 {[%clk 0:01:13]} 39. Bd3 {[%clk 0:00:47]} Kf8
{[%clk 0:01:12]} 40. e4 {[%clk 0:00:44]} Ke7 {[%clk 0:01:10]} 41. e5
{[%clk 0:00:44]} Kd8 {[%clk 0:01:06]} 42. Kf3 {[%clk 0:00:44]} Nc7
{[%clk 0:01:01]} 43. Bc4 {[%clk 0:00:36]} Na8 {[%clk 0:00:59]} 44. Kg4
{[%clk 0:00:36]} Ke7 {[%clk 0:00:58]} 45. Kg5 {[%clk 0:00:36]} Nc7
{[%clk 0:00:58]} 46. Kh6 {[%clk 0:00:36]} Ne8 {[%clk 0:00:57]} 47. Kg5
{[%clk 0:00:31]} Nc7 {[%clk 0:00:58]} 48. Kg4 {[%clk 0:00:32]} Na8
{[%clk 0:00:56]} 49. Kf3 {[%clk 0:00:32]} Kd8 {[%clk 0:00:57]} 50. Kg4
{[%clk 0:00:32]} Ke7 {[%clk 0:00:58]} 51. Kg5 {[%clk 0:00:33]} Nc7
{[%clk 0:00:59]} 52. g4 {[%clk 0:00:33]} Na8 {[%clk 0:01:00]} 53. f5
{[%clk 0:00:34]} gxf5 {[%clk 0:01:01]} 54. gxf5 {[%clk 0:00:35]} exf5
{[%clk 0:00:59]} 55. Kxf5 {[%clk 0:00:36]} Nc7 {[%clk 0:01:00]} 56. Ke4
{[%clk 0:00:35]} f6 {[%clk 0:00:52]} 57. Kd4 {[%clk 0:00:21]} fxe5+
{[%clk 0:00:51]} 58. Kxe5 {[%clk 0:00:21]} Ne8 {[%clk 0:00:50]} 59. Kd5
{[%clk 0:00:21]} Kd8 {[%clk 0:00:50]} 60. Kc5 {[%clk 0:00:21]} Kc7
{[%clk 0:00:51]} 61. Bd5 {[%clk 0:00:20]} 1/2-1/2

[Event "Team Championship (men blitz)"]
[Site "Sochi"]
[Date "2017.10.05"]
[Round "5.9"]
[White "Fedoseev, Vladimir"]
[Black "Kezin, Roman"]
[Result "0-1"]
[LiveChessVersion "1.4.8"]
[BlackElo "2514"]
[WhiteElo "2656"]

1. e4 {[%clk 0:03:03]} c5 {[%clk 0:03:03]} 2. Nf3 {[%clk 0:03:04]} e6
{[%clk 0:03:05]} 3. d4 {[%clk 0:03:06]} cxd4 4. Nxd4 Nc6 {[%clk 0:03:06]} 5. Nc3
{[%clk 0:03:09]} Qc7 {[%clk 0:03:07]} 6. Qd3 {[%clk 0:03:10]} Nf6
{[%clk 0:03:05]} 7. Ndb5 {[%clk 0:02:54]} Qb8 {[%clk 0:03:05]} 8. Qg3
{[%clk 0:02:53]} d6 {[%clk 0:02:31]} 9. Bg5 {[%clk 0:02:47]} a6 {[%clk 0:02:19]}
10. Bxf6 {[%clk 0:02:48]} gxf6 {[%clk 0:01:57]} 11. Na3 {[%clk 0:02:49]} b5 12.
Ne2 Bb7 {[%clk 0:01:55]} 13. Nf4 {[%clk 0:02:51]} Ne5 {[%clk 0:01:24]} 14. Nh5
{[%clk 0:02:52]} Nd7 {[%clk 0:01:22]} 15. Bd3 {[%clk 0:02:50]} d5
{[%clk 0:01:14]} 16. exd5 {[%clk 0:02:51]} Bxd5 {[%clk 0:01:06]} 17. Nf4
{[%clk 0:02:27]} Bb7 {[%clk 0:00:49]} 18. Ne2 {[%clk 0:01:36]} Bd6
{[%clk 0:00:40]} 19. Qh3 {[%clk 0:01:38]} Rg8 {[%clk 0:00:34]} 20. f3
{[%clk 0:01:39]} Bxa3 {[%clk 0:00:30]} 21. bxa3 {[%clk 0:01:39]} Qe5
{[%clk 0:00:31]} 22. O-O {[%clk 0:01:39]} Qe3+ {[%clk 0:00:24]} 23. Kh1
{[%clk 0:01:40]} Ne5 {[%clk 0:00:25]} 24. Rae1 {[%clk 0:01:36]} O-O-O
{[%clk 0:00:23]} 25. Ng3 {[%clk 0:01:34]} Qf4 {[%clk 0:00:15]} 26. Be4
{[%clk 0:01:30]} Nc4 {[%clk 0:00:11]} 27. Bxb7+ {[%clk 0:01:26]} Kxb7
{[%clk 0:00:12]} 28. Qxh7 {[%clk 0:01:27]} Ne5 {[%clk 0:00:09]} 29. Qe4+
{[%clk 0:01:25]} Qxe4 {[%clk 0:00:09]} 30. Nxe4 {[%clk 0:01:26]} Nc4
{[%clk 0:00:03]} 31. a4 {[%clk 0:01:24]} f5 {[%clk 0:00:05]} 32. Nc3
{[%clk 0:01:18]} b4 {[%clk 0:00:05]} 33. Rb1 {[%clk 0:01:12]} a5 {[%clk 0:00:06]}
34. Rfc1 {[%clk 0:00:57]} Rd2 {[%clk 0:00:06]} 35. Rg1 {[%clk 0:00:51]} Na3
{[%clk 0:00:05]} 36. Rb3 {[%clk 0:00:51]} Rxc2 {[%clk 0:00:05]} 37. Nd1
{[%clk 0:00:47]} Rxa2 38. Ne3 Re2 {[%clk 0:00:04]} 39. f4 {[%clk 0:00:45]} Nc2
{[%clk 0:00:05]} 40. Nc4 {[%clk 0:00:47]} Ka6 {[%clk 0:00:04]} 41. Rd3
{[%clk 0:00:48]} Na3 {[%clk 0:00:03]} 42. Rd6+ {[%clk 0:00:49]} Ka7
{[%clk 0:00:04]} 43. Nxa5 {[%clk 0:00:50]} Nc2 {[%clk 0:00:04]} 44. Nc6+
{[%clk 0:00:49]} Kb7 {[%clk 0:00:05]} 45. Ne5 {[%clk 0:00:46]} Ne3
{[%clk 0:00:04]} 46. g3 {[%clk 0:00:41]} Rxh2+ {[%clk 0:00:04]} 0-1

[Event "Team Championship (men blitz)"]
[Site "Sochi"]
[Date "2017.10.05"]
[Round "5.10"]
[White "Antonenko, Vladimir"]
[Black "Sjugirov, Sanan"]
[Result "0-1"]
[LiveChessVersion "1.4.8"]
[BlackElo "2637"]
[WhiteElo "2423"]

1. d4 {[%clk 0:03:03]} Nf6 {[%clk 0:03:03]} 2. c4 {[%clk 0:03:04]} e6
{[%clk 0:03:04]} 3. Nf3 {[%clk 0:03:05]} b6 {[%clk 0:03:01]} 4. g3
{[%clk 0:03:07]} Bb7 5. Bg2 Be7 {[%clk 0:03:03]} 6. O-O {[%clk 0:03:09]} O-O
{[%clk 0:03:03]} 7. d5 {[%clk 0:03:10]} exd5 {[%clk 0:02:56]} 8. Nh4
{[%clk 0:03:11]} c6 {[%clk 0:02:53]} 9. cxd5 {[%clk 0:03:12]} Nxd5
{[%clk 0:02:54]} 10. Nf5 {[%clk 0:03:14]} Nc7 {[%clk 0:02:50]} 11. e4
{[%clk 0:03:15]} d5 {[%clk 0:02:49]} 12. Nc3 {[%clk 0:03:16]} Nba6
{[%clk 0:02:29]} 13. exd5 {[%clk 0:03:11]} Nxd5 {[%clk 0:02:12]} 14. Nxd5
{[%clk 0:03:10]} cxd5 {[%clk 0:02:13]} 15. Bxd5 {[%clk 0:03:10]} Bxd5
{[%clk 0:02:08]} 16. Qxd5 {[%clk 0:03:11]} Bf6 {[%clk 0:02:05]} 17. Qc4
{[%clk 0:02:04]} Qc8 {[%clk 0:01:56]} 18. Qg4 {[%clk 0:00:41]} g6
{[%clk 0:01:56]} 19. Nh6+ {[%clk 0:00:38]} Kg7 {[%clk 0:01:57]} 20. Qxc8
{[%clk 0:00:38]} Rfxc8 {[%clk 0:01:51]} 21. Ng4 {[%clk 0:00:39]} Bd4
{[%clk 0:00:54]} 22. Rd1 {[%clk 0:00:37]} Bc5 {[%clk 0:00:25]} 23. Bh6+
{[%clk 0:00:36]} Kh8 {[%clk 0:00:26]} 24. Ne5 {[%clk 0:00:30]} Kg8
{[%clk 0:00:25]} 25. Rd7 {[%clk 0:00:21]} Bf8 {[%clk 0:00:17]} 26. Bxf8
{[%clk 0:00:11]} Rxf8 {[%clk 0:00:18]} 27. Rad1 {[%clk 0:00:13]} Nc5
{[%clk 0:00:17]} 28. Rc7 {[%clk 0:00:10]} Ne6 {[%clk 0:00:14]} 29. Rcd7
{[%clk 0:00:10]} Kg7 {[%clk 0:00:10]} 30. h4 {[%clk 0:00:10]} h5 {[%clk 0:00:11]}
31. Kg2 {[%clk 0:00:12]} Kf6 {[%clk 0:00:11]} 32. Nd3 {[%clk 0:00:10]} Rfd8
{[%clk 0:00:10]} 33. Nb4 {[%clk 0:00:10]} Rxd7 {[%clk 0:00:09]} 34. Rxd7
{[%clk 0:00:11]} Nc5 {[%clk 0:00:09]} 35. Rd2 {[%clk 0:00:10]} Ke6
{[%clk 0:00:07]} 36. Nc6 {[%clk 0:00:10]} a5 {[%clk 0:00:07]} 37. Nd4+
{[%clk 0:00:10]} Kf6 {[%clk 0:00:08]} 38. Nb5 {[%clk 0:00:10]} Re8
{[%clk 0:00:06]} 39. Nc3 {[%clk 0:00:11]} Re6 {[%clk 0:00:06]} 40. a3
{[%clk 0:00:10]} Kg7 {[%clk 0:00:05]} 41. Kf3 {[%clk 0:00:10]} Rf6+
{[%clk 0:00:06]} 42. Kg2 {[%clk 0:00:11]} Re6 {[%clk 0:00:07]} 43. Kf3
{[%clk 0:00:12]} Nb3 {[%clk 0:00:09]} 44. Rd3 {[%clk 0:00:11]} Rf6+
{[%clk 0:00:10]} 45. Kg2 {[%clk 0:00:12]} Nc5 {[%clk 0:00:10]} 46. Rd2
{[%clk 0:00:14]} Rc6 {[%clk 0:00:10]} 47. Kf3 {[%clk 0:00:14]} Ne6
{[%clk 0:00:11]} 48. Kg2 {[%clk 0:00:13]} Nc5 {[%clk 0:00:10]} 49. Kf3
{[%clk 0:00:14]} Nb7 {[%clk 0:00:11]} 50. Ne4 {[%clk 0:00:12]} a4
{[%clk 0:00:10]} 51. Rd7 {[%clk 0:00:12]} Na5 {[%clk 0:00:10]} 52. Rd4
{[%clk 0:00:11]} Nc4 {[%clk 0:00:10]} 53. Nd2 {[%clk 0:00:04]} Nxb2
{[%clk 0:00:10]} 54. Rb4 {[%clk 0:00:05]} Rc2 {[%clk 0:00:10]} 55. Ke3
{[%clk 0:00:06]} Nd1+ {[%clk 0:00:09]} 56. Kd3 {[%clk 0:00:06]} Ra2
{[%clk 0:00:10]} 57. Nc4 {[%clk 0:00:04]} Nxf2+ {[%clk 0:00:10]} 58. Ke3
{[%clk 0:00:04]} Ng4+ {[%clk 0:00:11]} 59. Kf4 {[%clk 0:00:03]} Rf2+
{[%clk 0:00:12]} 60. Ke4 {[%clk 0:00:05]} Rg2 {[%clk 0:00:12]} 61. Kf3
{[%clk 0:00:05]} Rf2+ {[%clk 0:00:13]} 62. Ke4 {[%clk 0:00:07]} f5+
{[%clk 0:00:08]} 63. Kd4 {[%clk 0:00:07]} Rf3 {[%clk 0:00:08]} 64. Rxb6
{[%clk 0:00:07]} Rxg3 {[%clk 0:00:08]} 65. Ra6 {[%clk 0:00:06]} Rh3
{[%clk 0:00:08]} 66. Rxa4 {[%clk 0:00:05]} Rxh4 {[%clk 0:00:09]} 67. Kc5
{[%clk 0:00:06]} Rh1 {[%clk 0:00:09]} 68. Ra7+ {[%clk 0:00:06]} Kf6
{[%clk 0:00:09]} 69. Ra6+ {[%clk 0:00:05]} Kg5 {[%clk 0:00:10]} 70. a4
{[%clk 0:00:05]} h4 {[%clk 0:00:10]} 71. Nd2 {[%clk 0:00:05]} Rc1+
{[%clk 0:00:10]} 72. Kb4 {[%clk 0:00:05]} h3 {[%clk 0:00:10]} 73. a5
{[%clk 0:00:06]} Rc2 {[%clk 0:00:10]} 74. Nf3+ {[%clk 0:00:07]} Kf4
{[%clk 0:00:10]} 75. Ng1 {[%clk 0:00:04]} h2 {[%clk 0:00:11]} 0-1

[Event "Team Championship (men blitz)"]
[Site "Sochi"]
[Date "2017.10.05"]
[Round "5.11"]
[White "Kovalev, Vladislav"]
[Black "Gubsky, Egor"]
[Result "1-0"]
[LiveChessVersion "1.4.8"]
[BlackElo "2369"]
[WhiteElo "2527"]

1. e4 {[%clk 0:03:03]} c5 {[%clk 0:03:04]} 2. Be2 {[%clk 0:03:05]} Nc6
{[%clk 0:03:03]} 3. f4 {[%clk 0:03:06]} d5 {[%clk 0:02:55]} 4. d3
{[%clk 0:03:08]} Nd4 {[%clk 0:02:51]} 5. Nf3 {[%clk 0:03:03]} Nxe2
{[%clk 0:02:52]} 6. Qxe2 {[%clk 0:03:04]} Bg4 {[%clk 0:02:47]} 7. O-O
{[%clk 0:02:59]} e6 {[%clk 0:02:44]} 8. exd5 {[%clk 0:02:24]} Qxd5
{[%clk 0:02:44]} 9. Nc3 {[%clk 0:02:26]} Qc6 {[%clk 0:02:33]} 10. h3
{[%clk 0:02:20]} Bxf3 11. Rxf3 {[%clk 0:02:21]} Nf6 {[%clk 0:02:34]} 12. f5
{[%clk 0:02:18]} Be7 {[%clk 0:02:23]} 13. fxe6 {[%clk 0:02:18]} fxe6
{[%clk 0:01:59]} 14. Bd2 {[%clk 0:02:12]} O-O-O {[%clk 0:01:48]} 15. Re1
{[%clk 0:02:07]} Bd6 {[%clk 0:01:30]} 16. Bg5 {[%clk 0:01:59]} Rhf8
{[%clk 0:01:14]} 17. Bxf6 {[%clk 0:01:34]} gxf6 {[%clk 0:01:11]} 18. Qxe6+
{[%clk 0:01:34]} Kb8 {[%clk 0:01:13]} 19. Qe4 {[%clk 0:01:14]} Qc7
{[%clk 0:00:58]} 20. Nb5 {[%clk 0:01:00]} Qb6 {[%clk 0:00:52]} 21. Nxd6
{[%clk 0:01:00]} Qxd6 {[%clk 0:00:49]} 22. b3 {[%clk 0:00:55]} Qd4+
{[%clk 0:00:44]} 23. Qxd4 {[%clk 0:00:55]} cxd4 {[%clk 0:00:45]} 24. Re2
{[%clk 0:00:47]} Rf7 {[%clk 0:00:42]} 25. Kf1 {[%clk 0:00:47]} Rd6
{[%clk 0:00:43]} 26. Ke1 {[%clk 0:00:47]} b5 {[%clk 0:00:44]} 27. Rf4
{[%clk 0:00:44]} Kc7 {[%clk 0:00:36]} 28. Kd2 {[%clk 0:00:43]} Kc6
{[%clk 0:00:33]} 29. Ree4 {[%clk 0:00:41]} Kc5 {[%clk 0:00:31]} 30. a3
{[%clk 0:00:41]} a5 {[%clk 0:00:32]} 31. b4+ {[%clk 0:00:40]} axb4 32. axb4+
{[%clk 0:00:42]} Kxb4 {[%clk 0:00:31]} 33. Rxd4+ {[%clk 0:00:43]} Rxd4 34. Rxd4+
{[%clk 0:00:44]} Kc5 {[%clk 0:00:31]} 35. Rf4 {[%clk 0:00:45]} Kd6
{[%clk 0:00:11]} 36. Rf5 {[%clk 0:00:42]} Kc6 {[%clk 0:00:12]} 37. g4
{[%clk 0:00:43]} Kb6 {[%clk 0:00:10]} 38. g5 {[%clk 0:00:41]} 1-0

[Event "Team Championship (men blitz)"]
[Site "Sochi"]
[Date "2017.10.05"]
[Round "5.12"]
[White "Bublei, Pavel"]
[Black "Yuffa, Daniil"]
[Result "1/2-1/2"]
[LiveChessVersion "1.4.8"]
[BlackElo "2542"]
[WhiteElo "2243"]

1. d4 {[%clk 0:03:02]} Nf6 {[%clk 0:03:04]} 2. c4 {[%clk 0:03:03]} c5
{[%clk 0:03:05]} 3. d5 {[%clk 0:03:03]} g6 {[%clk 0:03:06]} 4. Nf3
{[%clk 0:03:03]} Bg7 {[%clk 0:03:08]} 5. Nc3 {[%clk 0:02:59]} O-O
{[%clk 0:03:08]} 6. e4 {[%clk 0:03:00]} d6 {[%clk 0:03:10]} 7. h3
{[%clk 0:02:57]} e6 {[%clk 0:03:11]} 8. Bd3 {[%clk 0:02:58]} exd5
{[%clk 0:03:12]} 9. cxd5 {[%clk 0:02:59]} h6 {[%clk 0:03:13]} 10. O-O
{[%clk 0:02:53]} g5 {[%clk 0:03:14]} 11. e5 {[%clk 0:02:23]} dxe5
{[%clk 0:03:12]} 12. Nxe5 {[%clk 0:02:24]} Re8 {[%clk 0:03:08]} 13. Nc4
{[%clk 0:02:14]} b6 {[%clk 0:02:45]} 14. h4 {[%clk 0:01:56]} gxh4
{[%clk 0:02:43]} 15. Bf4 {[%clk 0:01:54]} h3 {[%clk 0:02:44]} 16. Nd6
{[%clk 0:01:43]} hxg2 {[%clk 0:02:38]} 17. Kxg2 {[%clk 0:01:43]} Bg4
{[%clk 0:02:13]} 18. f3 {[%clk 0:01:33]} Nh5 {[%clk 0:01:16]} 19. Bh2
{[%clk 0:01:19]} Bd7 {[%clk 0:00:54]} 20. Nxe8 {[%clk 0:01:17]} Bxe8
{[%clk 0:00:53]} 21. Qd2 {[%clk 0:01:00]} Nd7 {[%clk 0:00:49]} 22. Rae1
{[%clk 0:00:54]} Ndf6 {[%clk 0:00:43]} 23. Kh1 {[%clk 0:00:50]} Bd7
{[%clk 0:00:44]} 24. Rg1 {[%clk 0:00:49]} Qc8 {[%clk 0:00:08]} 25. Ne4
{[%clk 0:00:34]} Nxe4 {[%clk 0:00:08]} 26. Bxe4 {[%clk 0:00:32]} f5
{[%clk 0:00:05]} 27. Bc2 {[%clk 0:00:21]} f4 {[%clk 0:00:05]} 28. d6
{[%clk 0:00:19]} Bc6 {[%clk 0:00:04]} 29. Be4 {[%clk 0:00:20]} Bxe4
{[%clk 0:00:04]} 30. Rxe4 {[%clk 0:00:21]} Qh3 {[%clk 0:00:05]} 31. Qd5+ Kh7 32.
Qxa8 {[%clk 0:00:07]} Qxf3+ {[%clk 0:00:08]} 33. Rg2 {[%clk 0:00:08]} Qf1+
{[%clk 0:00:09]} 34. Rg1 {[%clk 0:00:08]} Qf3+ {[%clk 0:00:10]} 35. Rg2
{[%clk 0:00:10]} Qd1+ {[%clk 0:00:11]} 36. Rg1 {[%clk 0:00:11]} Qf3+
{[%clk 0:00:12]} 37. Rg2 {[%clk 0:00:12]} 1/2-1/2

[Event "Team Championship (men blitz)"]
[Site "Sochi"]
[Date "2017.10.05"]
[Round "5.13"]
[White "Kryakvin, Dmitry"]
[Black "Alekseenko, Kirill"]
[Result "0-1"]
[LiveChessVersion "1.4.8"]
[BlackElo "2586"]
[WhiteElo "2483"]

1. d4 {[%clk 0:03:03]} d5 {[%clk 0:03:04]} 2. Nf3 {[%clk 0:03:03]} Nf6
{[%clk 0:03:05]} 3. Bg5 {[%clk 0:03:03]} e6 {[%clk 0:03:03]} 4. e3
{[%clk 0:03:03]} c5 {[%clk 0:03:03]} 5. c3 {[%clk 0:03:04]} Nc6 {[%clk 0:03:04]}
6. Nbd2 {[%clk 0:03:04]} Be7 {[%clk 0:03:05]} 7. Bd3 {[%clk 0:03:05]} O-O
{[%clk 0:03:05]} 8. Ne5 {[%clk 0:03:02]} Nd7 {[%clk 0:02:50]} 9. Bf4
{[%clk 0:02:45]} Ndxe5 {[%clk 0:02:27]} 10. dxe5 {[%clk 0:02:45]} f5
{[%clk 0:01:59]} 11. h4 c4 {[%clk 0:01:55]} 12. Bc2 {[%clk 0:02:19]} b5
{[%clk 0:01:57]} 13. Nf3 {[%clk 0:02:16]} b4 {[%clk 0:01:58]} 14. Ba4
{[%clk 0:02:10]} Bd7 {[%clk 0:01:55]} 15. Bxc6 {[%clk 0:02:10]} Bxc6
{[%clk 0:01:56]} 16. Nd4 {[%clk 0:02:10]} Bd7 {[%clk 0:01:57]} 17. Kf1
{[%clk 0:01:56]} Qa5 {[%clk 0:01:40]} 18. Bg5 {[%clk 0:01:34]} Bc5
{[%clk 0:01:34]} 19. Qd2 {[%clk 0:01:28]} Rab8 {[%clk 0:01:35]} 20. g3
{[%clk 0:01:05]} bxc3 {[%clk 0:01:22]} 21. bxc3 {[%clk 0:01:06]} Qa3
{[%clk 0:01:23]} 22. Kg2 {[%clk 0:00:54]} Rb2 {[%clk 0:01:24]} 23. Qe1
{[%clk 0:00:55]} Rfb8 {[%clk 0:01:22]} 24. h5 {[%clk 0:00:53]} Rxa2
{[%clk 0:01:09]} 25. Rxa2 {[%clk 0:00:46]} Qxa2 {[%clk 0:01:10]} 26. h6
{[%clk 0:00:44]} g6 {[%clk 0:01:11]} 27. Qd1 {[%clk 0:00:37]} Ba4
{[%clk 0:00:44]} 28. Qa1 {[%clk 0:00:20]} Qxa1 {[%clk 0:00:36]} 29. Rxa1
{[%clk 0:00:21]} Bd7 {[%clk 0:00:31]} 30. Ra6 {[%clk 0:00:22]} Kf7
{[%clk 0:00:30]} 31. g4 {[%clk 0:00:19]} Rb2 {[%clk 0:00:24]} 32. gxf5
{[%clk 0:00:18]} gxf5 {[%clk 0:00:25]} 33. Kg3 {[%clk 0:00:12]} Bb6
{[%clk 0:00:26]} 34. Ra1 {[%clk 0:00:12]} a5 {[%clk 0:00:27]} 35. Bf6
{[%clk 0:00:11]} a4 {[%clk 0:00:26]} 36. Kf3 {[%clk 0:00:11]} Bc5
{[%clk 0:00:18]} 37. Rg1 {[%clk 0:00:11]} Bf8 {[%clk 0:00:19]} 38. Bg7
{[%clk 0:00:09]} Be7 {[%clk 0:00:18]} 39. Bf6 {[%clk 0:00:09]} Bf8
{[%clk 0:00:18]} 40. Bg7 {[%clk 0:00:11]} a3 {[%clk 0:00:18]} 41. Bxf8
{[%clk 0:00:11]} Kxf8 {[%clk 0:00:19]} 42. Rg7 {[%clk 0:00:04]} a2
{[%clk 0:00:20]} 43. Rxd7 {[%clk 0:00:05]} a1=Q {[%clk 0:00:19]} 44. Nxe6+
{[%clk 0:00:06]} Ke8 {[%clk 0:00:20]} 45. Rg7 {[%clk 0:00:04]} Qh1+
{[%clk 0:00:20]} 46. Kf4 {[%clk 0:00:05]} Rxf2+ 47. Kg5 Rg2+ {[%clk 0:00:18]} 0-1

[Event "Team Championship (men blitz)"]
[Site "Sochi"]
[Date "2017.10.05"]
[Round "5.14"]
[White "Alekseev, Evgeny"]
[Black "Smagin, Sergey"]
[Result "1/2-1/2"]
[LiveChessVersion "1.4.8"]
[BlackElo "2375"]
[WhiteElo "2636"]

1. e4 {[%clk 0:03:02]} d5 {[%clk 0:03:03]} 2. exd5 {[%clk 0:03:03]} Nf6
{[%clk 0:03:04]} 3. Nf3 {[%clk 0:03:04]} Nxd5 {[%clk 0:03:05]} 4. d4
{[%clk 0:03:05]} g6 {[%clk 0:03:06]} 5. c4 {[%clk 0:03:06]} Nb6 {[%clk 0:03:07]}
6. Nc3 {[%clk 0:03:07]} Bg7 {[%clk 0:03:08]} 7. c5 {[%clk 0:03:06]} Nd5
{[%clk 0:03:04]} 8. Bc4 {[%clk 0:03:07]} c6 {[%clk 0:02:45]} 9. O-O
{[%clk 0:03:07]} O-O {[%clk 0:02:46]} 10. Re1 {[%clk 0:03:08]} b6
{[%clk 0:02:27]} 11. Bg5 {[%clk 0:02:56]} Re8 {[%clk 0:02:28]} 12. Ne5
{[%clk 0:02:39]} Bb7 {[%clk 0:02:20]} 13. Qf3 {[%clk 0:01:54]} Bf6
{[%clk 0:00:56]} 14. Bxf6 {[%clk 0:01:44]} exf6 {[%clk 0:00:57]} 15. Ng4
{[%clk 0:01:35]} Rxe1+ {[%clk 0:00:50]} 16. Rxe1 {[%clk 0:01:35]} Kg7
{[%clk 0:00:48]} 17. Ne4 {[%clk 0:01:06]} h5 {[%clk 0:00:46]} 18. Ne3
{[%clk 0:00:57]} Nxe3 {[%clk 0:00:37]} 19. Qxe3 {[%clk 0:00:53]} Ba6
{[%clk 0:00:34]} 20. Bxf7 {[%clk 0:00:39]} Qe7 {[%clk 0:00:26]} 21. Nd6
{[%clk 0:00:18]} Qxe3 {[%clk 0:00:26]} 22. Rxe3 {[%clk 0:00:19]} bxc5
{[%clk 0:00:22]} 23. dxc5 {[%clk 0:00:15]} Nd7 {[%clk 0:00:23]} 24. Re7
{[%clk 0:00:16]} Nxc5 {[%clk 0:00:24]} 25. Bc4+ {[%clk 0:00:12]} Kh6
{[%clk 0:00:19]} 26. Nf7+ {[%clk 0:00:12]} Kg7 {[%clk 0:00:21]} 27. Nd6+
{[%clk 0:00:12]} Kh6 {[%clk 0:00:22]} 28. Bxa6 {[%clk 0:00:13]} Nxa6
{[%clk 0:00:23]} 29. g3 {[%clk 0:00:13]} Rb8 {[%clk 0:00:23]} 30. b3
{[%clk 0:00:14]} Nc5 {[%clk 0:00:24]} 31. Rxa7 {[%clk 0:00:15]} g5
{[%clk 0:00:24]} 32. Kg2 {[%clk 0:00:15]} Kg6 {[%clk 0:00:26]} 33. Rc7
{[%clk 0:00:15]} Rb6 {[%clk 0:00:25]} 34. Ra7 {[%clk 0:00:15]} Ne6
{[%clk 0:00:26]} 35. Nc4 {[%clk 0:00:15]} Rb5 {[%clk 0:00:27]} 36. Ra5
{[%clk 0:00:15]} Rb8 {[%clk 0:00:27]} 37. Ra6 Nd4 38. Rb6 {[%clk 0:00:16]} Re8
{[%clk 0:00:30]} 39. a4 {[%clk 0:00:17]} Re2 {[%clk 0:00:31]} 40. a5
{[%clk 0:00:18]} g4 {[%clk 0:00:31]} 41. Rb8 {[%clk 0:00:14]} Nf3
{[%clk 0:00:31]} 42. Ne3 {[%clk 0:00:14]} Re1 {[%clk 0:00:31]} 43. Nf1
{[%clk 0:00:15]} Ra1 {[%clk 0:00:32]} 44. b4 {[%clk 0:00:16]} Ne1+
{[%clk 0:00:33]} 45. Kg1 {[%clk 0:00:18]} Nf3+ {[%clk 0:00:34]} 46. Kg2
{[%clk 0:00:19]} 1/2-1/2